000 01023nam0a2200337 i 4500
001 RU\NLR\BIBL_A\010987056
005 20240726224031.0
010 _a9785170929009
_92500
021 _aRU
_b2016-7972
_9514
035 _a(NILC)RuMoRGB-008135509
035 _a(NLR Aleph) 010987056
090 _a10908472
_c10908472
100 _a20160225d2016 u y0rusy50 ca
101 1 _arus
_ceng
102 _aRU
105 _ay|||z|||000ay
200 1 _aЦарство. Паника
_e[роман]
_fЛили Блейк
_g[пер. с англ. С. Родионовой]
210 _aМосква
_cАСТ
_d2016
215 _a255 с.
_d21
333 _a16+
517 1 _aПаника
675 _a821.111(73)
686 1 _aШ6(7США)67-445{Лх1979-62}
700 1 _aБлейк
_bЛ.
_gЛили
801 0 _aRU
_bРГБ
_c20160204
_gRCR
801 1 _aRU
_bРГБ
_c20160204
_2rusmarc
942 _cBOOK
980 _aNBR